| 000 | 00584cam a2200193 a 4500 | ||
|---|---|---|---|
| 001 | 562868 | ||
| 005 | 20250823110737.0 | ||
| 008 | 890224s1989 miua b 001 0 eng | ||
| 020 | _a0310404401 | ||
| 020 | _a9780310404408 | ||
| 050 | 0 | 0 |
_aBL2525 _b.T82 1989 |
| 082 | 0 | 0 |
_a291/.0973 _219 |
| 100 | 1 |
_aTucker, Ruth, _d1945- |
|
| 245 | 1 | 0 |
_aAnother gospel : _balternative religions and the New Age movement / _cRuth A. Tucker. |
| 260 |
_aGrand Rapids, MI : _bZondervan Pub. House, _cc1989. |
||
| 300 |
_a462 p. : _bill. ; _c24 cm. |
||
| 650 | 0 |
_aCults _zUnited States. |
|
| 942 |
_2lcc _cBK _n0 |
||
| 999 |
_c7349 _d7349 |
||